Applied statistics and probability for engineers (Record no. 4381)
[ view plain ]
| 000 -LEADER | |
|---|---|
| fixed length control field | 00573 a2200181 4500 |
| 000 - LEADER | |
| fixed length control field | BKB |
| 001 - CONTROL NUMBER | |
| control field | 071019 |
| 005 - DATE AND TIME OF LATEST TRANSACTION | |
| control field | 20200902150919.0 |
| 008 - FIXED-LENGTH DATA ELEMENTS--GENERAL INFORMATION | |
| fixed length control field | |
| 082 ## - DEWEY DECIMAL CLASSIFICATION NUMBER | |
| Classification number | 519.5 |
| Item number | M76A |
| 100 1# - MAIN ENTRY--PERSONAL NAME | |
| Personal name | Montgomery, Douglas C. |
| 245 1# - TITLE STATEMENT | |
| Title | Applied statistics and probability for engineers |
| Statement of responsibility, etc | by Douglas C. Montgomery and George C. Runger |
| 250 ## - EDITION STATEMENT | |
| Edition statement | 4th ed. |
| 260 ## - PUBLICATION, DISTRIBUTION, ETC. (IMPRINT) | |
| Place of publication, distribution, etc | New Delhi |
| Name of publisher, distributor, etc | Wiley India |
| Date of publication, distribution, etc | 2010 |
| 300 ## - PHYSICAL DESCRIPTION | |
| Extent | 705p. |
| 690 ## - LOCAL SUBJECT ADDED ENTRY--TOPICAL TERM (OCLC, RLIN) | |
| Topical term or geographic name as entry element | Probabilities; Statistics; Engineering--Statistical methods |
| 700 ## - ADDED ENTRY--PERSONAL NAME | |
| Personal name | Runger, George C. |
| Numeration | |
| Titles and other words associated with a name | |
| Withdrawn status | Lost status | Damaged status | Not for loan | Home library | Current library | Date acquired | Cost, normal purchase price | Total Checkouts | Full call number | Barcode | Date last seen | Date checked out | Price effective from | Koha item type |
|---|---|---|---|---|---|---|---|---|---|---|---|---|---|---|
| Central University Of Rajasthan | Central University Of Rajasthan | 07/03/2012 | 459.00 | 2 | 519.5 M76A | 5306 | 21/11/2024 | 02/04/2024 | 02/09/2020 | Books |
